[Event "IECC CL7-2001.22"]
[Site "IECC email"]
[Date "2001.09.30"]
[Round "?"]
[White "Borup, John"]
[Black "Turko, Sergey Ivanovich"]
[Result "0-1"]
[WhiteElo "1045"]
[BlackElo "1357"]
[PlyCount "62"]
[EventDate "2001.??.??"]
[EventType "tourn (corr)"]
[EventRounds "4"]
[SourceTitle "Corr 2008"]
[Source "ChessBase"]
[SourceDate "2008.06.24"]
[SourceVersion "1"]
[SourceVersionDate "2008.06.24"]
[SourceQuality "1"]

1. b4 d5 2. Bb2 Qd6 3. a3 e5 4. Nf3 e4 5. Nd4 a5 6. c3 Nf6 7. e3 Be7 8. h3 0-0 9. a4 axb4 10. c4 Na6 11. d3 dxc4 12. dxc4 c5 13. Nb5 Qxd1+ 14. Kxd1 Rd8+ 15. Nd2 Bf5 16. g4 Bg6 17. Bg2 h6 18. Ke2 Rd7 19. Rhd1 Re8 20. f4 exf3+ 21. Bxf3 Bd3+ 22. Kf2 Bc2 23. Ke1 Bxd1 24. Rxd1 Nh7 25. Ne4 Red8 26. Rxd7 Rxd7 27. Ke2 Ng5 28. h4 Nxf3 29. Kxf3 Bxh4 30. Kf4 Rd1 31. Na7 Rf1+ 0-1

[Event "IECC CL7-2001.22"]
[Site "IECC email"]
[Date "2001.09.14"]
[Round "?"]
[White "Borup, John"]
[Black "Sadler, Kirk"]
[Result "0-1"]
[WhiteElo "1060"]
[BlackElo "1102"]
[PlyCount "38"]
[EventDate "2001.??.??"]
[EventType "tourn (corr)"]
[EventRounds "4"]
[SourceTitle "Corr 2008"]
[Source "ChessBase"]
[SourceDate "2008.06.24"]
[SourceVersion "1"]
[SourceVersionDate "2008.06.24"]
[SourceQuality "1"]

1. b4 d5 2. Bb2 Nf6 3. Bxf6 exf6 4. c3 Bd6 5. a3 0-0 6. d4 Bf5 7. Nd2 Re8 8. e3 Qe7 9. h3 Nc6 10. b5 Na5 11. a4 b6 12. Be2 c6 13. Ngf3 cxb5 14. axb5 Rac8 15. Qc1 Bb4 16. Qd1 Bxc3 17. Rc1 Bxd2+ 18. Qxd2 Nb3 19. Qb4 Qxb4+ 0-1

[Event "IECC KO email"]
[Site "IECC email"]
[Date "2000.07.08"]
[Round "?"]
[White "Karlsson, Roger"]
[Black "Borup, John"]
[Result "1-0"]
[WhiteElo "915"]
[BlackElo "1014"]
[PlyCount "53"]
[EventDate "2000.??.??"]
[EventType "tourn (corr)"]
[EventRounds "6"]
[SourceTitle "Corr 2008"]
[Source "ChessBase"]
[SourceDate "2008.06.24"]
[SourceVersion "1"]
[SourceVersionDate "2008.06.24"]
[SourceQuality "1"]

1. e4 e5 2. Nf3 Nc6 3. Bc4 Bc5 4. c3 Nf6 5. d4 exd4 6. cxd4 Bb4+ 7. Nc3 Nxe4 8. 0-0 h6 9. Nxe4 d5 10. Ne5 Nxe5 11. Qa4+ Nc6 12. Bd2 Bxd2 13. Nxd2 dxc4 14. Nxc4 Qxd4 15. Rfe1+ Be6 16. Rad1 Qxc4 17. Qxc4 0-0 18. Qb5 Bxa2 19. Rd7 Nd8 20. Rde7 Ne6 21. f4 b6 22. R1xe6 fxe6 23. Qd7 Kh8 24. Rxg7 Bb1 25. Qd4 Rad8 26. Rd7+ e5 27. Qxe5+ 1-0